Apalka / (Registro nro. 11879)

Detalles MARC
000 -LIDER
fixed length control field 00691nam a22002417a 4500
003 - IDENTIFICACDOR DE NÚMERO DE CONTROL
control field DO-SdBNP
005 - DATE AND TIME OF LATEST TRANSACTION
control field 20180209111655.0
007 - CAMPOS FIJOS DE DESCRIPCIÓN FÍSICA
fixed length control field 0011751
008 - ELEMENTOS DE LONGITUD FIJA
fixed length control field 161109b 1992 mx a|| 00| 0 spa d
020 ## - ISBN
International Standard Book Number 9789684940572
040 ## - FUENTE DE CATALOGACIÓN
Agencia que crea de manera original el registro BPMSU
Idioma de catalogación spa
Agencia que realiza la transcripción BPMSU
082 #4 - NÚMERO DE CLASIFICACIÓN DECIMAL DE DEWEY
Classification number xxxxxxx
Item number xxxxxxx
100 1# - ASIENTO PRINCIPAL -- NOMBRE PERSONAL
Nombre personal Cardenal, Ernesto
245 1# - MENCIÓN DE TITULO
Título Apalka /
Mención de responsabilidad Ernesto Cardenal ; ilustración Felipe Dávalos
260 ## - PUBLICACIÓN, DISTRIBUCIÓN, ETC. (PIE DE IMPRENTA)
Lugar de publicación, distribución, etc México :
Nombre del editor, distribuidor, etc. Consejo Nacional para la cultura y las Artes
300 ## - DESCRIPCIÓN FÍSICA
Extensión 27 p. :
Otros detalles físicos il.,
Dimensiones 22 cm.
490 1# - MENCIÓN DE SERIES
Mención de serie EnCuento
700 1# - ASIENTO SECUNDARIO -- NOMBRE PERSONAL
Nombre personal Dávalos, Felipe,
Mención de responsabilidad il.
830 #0 - ASIENTO SECUNDARIO DE SERIE--TÍTULO UNIFORME
Título uniforme EnCuento
942 ## - ADDED ENTRY ELEMENTS (KOHA)
Source of classification or shelving scheme Dewey Decimal Classification
Koha item type Libros
945 ## - INFORMACIÓN DE PROCESAMIENTO LOCAL
Información de procesamiento local Inventariado, 2018 / BT
956 ## - LOCAL ELECTRONIC LOCATION AND ACCESS (OCLC)
Nombre de host BTAVÁREZ
Número de acceso 10
Trayectoria 20161109
Nombre Electrónico BPMSU
Procesador de solicitud 0038
Existencias
Withdrawn status Lost status Source of classification or shelving scheme Damaged status Not for loan Collection code Home library Current library Date acquired Source of acquisition Total Checkouts Full call number Barcode Date last seen Price effective from Koha item type
    Dewey Decimal Classification     Colección Infantil General Biblioteca Pública Metropolitana Salomé Ureña Biblioteca Pública Metropolitana Salomé Ureña 11/09/2016 Consejo Nac. para la cultura y las artes (México)   xxxxxxxxx xxxxxxxx BPMSU16111148 11/09/2016 11/09/2016 Libros